Normal view
MARC view
- Williams, Ted,
Entry Personal Name
001 - CONTROL NUMBER
- control field: 23313
003 - CONTROL NUMBER IDENTIFIER
- control field: NUST
005 - DATE AND TIME OF LATEST TRANSACTION
- control field: 20191008152308.0
008 - FIXED-LENGTH DATA ELEMENTS
- fixed length control field: 191008|| aca||aabn | a|a d
040 ## - CATALOGING SOURCE
- Original cataloging agency: NUST
- Transcribing agency: NUST
100 ## - HEADING--PERSONAL NAME
- Personal name: Williams, Ted,
- Dates associated with a name: 1918-2002.
670 ## - SOURCE DATA FOUND
- Source citation: Work cat.: (NUST)0: Montville, Leigh. 23312, Ted Williams :, c2004.
